Meranie výbuchových charakteristík vybraného druhu zvíreného prachu

Salvato in:
Dettagli Bibliografici
Autore principale: Bajan, Ján (Autore)
Altri autori: Kuracina, Richard (Relatore della tesi)
Natura: Manoscritto Libro
Lingua:slovacco
Pubblicazione: 2019
Soggetti:
Accesso online:http://is.stuba.sk/zp/portal_zp.pl?podrobnosti=139518
Tags: Aggiungi Tag
Nessun Tag, puoi essere il primo ad aggiungerne!!

MARC

LEADER 00000ntm a22000003a 4500
001 stuzp74030
003 SK-STU
005 20190622211444.5
007 ta
008 150427s2015----xo-----f-mn---000-0-slo-d
040 |a STU  |b slo 
041 0 |a slo 
100 1 |a Bajan, Ján  |u 065000  |4 aut  |U MTF Materiálovotechnologická fakulta  |T MTF Ústav integrovanej bezpečnosti  |X 79861  |U M5000  |Y 85  |7 79861 
242 0 1 |a Measurement of explosion characteristics of selected dispersed dust  |y eng 
245 1 0 |a Meranie výbuchových charakteristík vybraného druhu zvíreného prachu 
260 |c 2019 
650 4 |a obilný prach  |2 slo 
650 4 |a minimálna teplota vznietenia usadeného prachu  |2 slo 
650 4 |a minimálna teplota vznietenia rozvíreného prachu  |2 slo 
650 4 |a výbuchové charakteristiky  |2 slo 
650 4 |a výbuchová komora KV 150- M2  |2 slo 
650 4 |a grain dust  |2 eng 
650 4 |a minimum ignition temperature of settled dust  |2 eng 
650 4 |a minimum ignition temperature of whirled dust  |2 eng 
650 4 |a explosion characteristics  |2 eng 
650 4 |a explosion chamber KV 150-M2  |2 eng 
700 1 |a Kuracina, Richard  |u 065200  |k Z1  |4 ths  |U MTF Ústav integrovanej bezpečnosti  |T MTF Katedra bezpečnostného inžinierstva  |X 38282  |U M5200  |Y 192  |7 A000038282 
856 4 |u http://is.stuba.sk/zp/portal_zp.pl?podrobnosti=139518 
996 |c M* BP-8511  |l MMSKP  |s P  |a 0  |w stuzp74030_0001